Central Library OPAC University of Rajshahi
Normal view MARC view

Entry Topical Term

Number of records used in: 2

001 - CONTROL NUMBER

  • control field: 6613

003 - CONTROL NUMBER IDENTIFIER

  • control field: BD-RjUL

005 - DATE AND TIME OF LATEST TRANSACTION

  • control field: 20230117165733.0

008 - FIXED-LENGTH DATA ELEMENTS

  • fixed length control field: 230117|| aca||aabn | a|a d

040 ## - CATALOGING SOURCE

  • Original cataloging agency: BD-RjUL
  • Transcribing agency: BD-RjUL

150 ## - HEADING--TOPICAL TERM

  • Topical term or geographic name entry element: Lentil
  • Form subdivision: Food and Drink
  • General subdivision: components

670 ## - SOURCE DATA FOUND

  • Source citation: Work cat.: (BD-RjUL)81091: Chowdhury, Anuradha Roy 6612, Study of Genetic Architecture on Yield and Some of the Tield components in Lentil (Lens Culinaris Medic.) /, 2013